Capitals of Italian Regions - Sudden Death - Statistics

General Stats
  • This quiz has been taken 34 times
  • The average score is 12 of 20
Answers on the Grid
Answers color-coded by a green-red scale on the quiz's grid according to % correct below.
Verona
Catanzaro
Roma
Siena
Firenze
Pisa
Modena
L'Aquila
Udine
Bari
Potenza
Cagliari
Catania
Padova
Aosta
Napoli
Ancona
Bologna
Genova
Milano
Trieste
Torino
Lucca
Matera
Campobasso
Brescia
Palermo
Trento
Perugia
Venezia
 
Answer Stats
Answer % Correct
Roma
85%
Firenze
81%
Venezia
74%
Bari
70%
Cagliari
70%
Milano
70%
Torino
70%
Napoli
67%
Palermo
63%
Bologna
59%
Genova
56%
Trieste
56%
Ancona
52%
L'Aquila
48%
Potenza
44%
Campobasso
41%
Trento
41%
Aosta
37%
Catanzaro
37%
Perugia
33%
No matching quizzes found
Score Distribution
Percent of People with Each Score
Percentile by Number Answered
Your Score History
You have not taken this quiz